LEADER 00998nam a2200229 i 4500 001 000000197570 003 CaOOAMICUS 005 20110215000000.0 008 110215s1783 it u000 u ita u 013 $a176257 026 $ai.,e a-l- s,l- eszi (7) 1783 (A) 040 $aSeMil$bita 245 10$aMemoria della Università di Lovanio a S.M. l'imperatore Giuseppe 2. 260 $aIn Assisi :$bPer Ottavio Sgariglia stam. vesc. e pub.,$c1783. 300 $a30 p. ;$c8°. 500 $aFregio xilogr. sul front. - Avviso dello stampatore a p. 5. 700 1 $aSgariglia, Ottavio,$c.$0(OLS)http://semarc/name/21454 773 0 $t[Miscellanea.$w()24307 850 $aSeMil 852 $aSeMil$W1$xVenegono$y1$m5A I 23/4 FA$j148129$B148129$CSeMilBibl$Z2$F159544 $8I 996 $6245$aMemoria della Università di Lovanio a S.M. l'imperatore Giuseppe 2$9(OLS)http://semarc/title/285294 996 $6260$aIn Assisi :$bPer Ottavio Sgariglia stam. vesc. e pub.$9(OLS)http://semarc/publisher/50795 LEADER 01127nam a2200241 i 4500 001 000000091991 003 CaOOAMICUS 005 20220916171046.0 008 100706s1929 xx u000 u lat u 040 $aSeMil$bita 245 10$a2.1: De poenitentia :$baccedit appendix De iure orientalium. 250 $aEditio altera emendata et aucta. 264 1$aTaurinorum Augustae :$bMarietti,$c1929. 300 $aXII, 922 p. 650 4$aPenitenza - Diritto canonico.$0(OLS)http://semarc/subject/16710 650 4$aPenitenza - Teologia morale.$0(OLS)http://semarc/subject/3946 773 0 $aCappello, Felice Maria $tTractatus canonico-moralis de sacramentis.$dTaurinorum : Marietti, 1928-1933.$g2$w()23490 850 $aSeMil 852 $aSeMil$W1$xVenegono$y1$m2G I 43$j262022$B54925$CSeMilBibl$Z2$F59592 $81 961 $aRecupero: Seminario di Seveso 996 $6245$a2.1: De poenitentia :$baccedit appendix De iure orientalium$9(OLS)http://semarc/title/406106 996 $6264$aTaurinorum Augustae :$bMarietti$9(OLS)http://semarc/publisher/60648